000 00216nam a22000857a 4500
008 161103b xxu||||| |||| 00| 0 eng d
100 _91020
_aMittal. r. s. etal
245 _aLab Physics xii
260 _aNew Delhi
_bAPC
_c2012
999 _c3679
_d3679